[Event "CAN-ch U20"]
[Site "Toronto"]
[Date "2019.08.11"]
[Round "7"]
[White "Xu, Daniel"]
[Black "Zheng, Kevin"]
[Result "0-1"]
[WhiteElo "1915"]
[BlackElo "1827"]
[PlyCount "54"]
[EventDate "2019.08.08"]
[EventType "swiss"]
[EventRounds "8"]
[EventCountry "CAN"]
[SourceTitle "CBM 191 Extra"]
[Source "ChessBase"]
[SourceDate "2019.09.30"]
[SourceVersion "1"]
[SourceVersionDate "2019.09.30"]
[SourceQuality "1"]

1. d4 Nf6 2. c4 g6 3. Nc3 d5 4. Nf3 Bg7 5. Qb3 dxc4 6. Qxc4 c6 7. e4 Be6 8. Qc5 Nbd7 9. Qg5 h6 10. Qg3 Nh5 11. Qh4 Bf6 12. Ng5 hxg5 13. Bxg5 Qa5 14. Bxf6 Ndxf6 15. d5 cxd5 16. Bb5+ Kf8 17. 0-0-0 dxe4 18. g4 Bxg4 19. Rd4 Bf3 20. Rg1 Kg7 21. Bc4 Rac8 22. Kb1 b5 23. Qg5 Qb6 24. Bxf7 Kxf7 25. Qxg6+ Kf8 26. Rd2 Rxc3 27. bxc3 e3 0-1

[Event "Scarborough CC-ch"]
[Site "Toronto"]
[Date "2018.04.26"]
[Round "4"]
[White "Zheng, Kevin"]
[Black "Ning, Eric"]
[Result "0-1"]
[WhiteElo "1608"]
[BlackElo "1807"]
[PlyCount "54"]
[EventDate "2018.04.05"]
[EventType "swiss"]
[EventRounds "8"]
[EventCountry "CAN"]
[SourceTitle "EXT 2024"]
[Source "ChessBase"]
[SourceDate "2023.10.10"]
[SourceVersion "1"]
[SourceVersionDate "2023.10.10"]
[SourceQuality "1"]

1. d4 Nf6 2. c4 g6 3. Nc3 d5 4. Bf4 Bg7 5. Nf3 0-0 6. e3 c5 7. dxc5 Qa5 8. Nd2 dxc4 9. Nxc4 Qxc5 10. Be2 Nc6 11. 0-0 e5 12. Bg5 Rd8 13. Qa4 Bf5 14. Rfd1 a6 15. Qb3 b5 16. Nd2 Na5 17. Qa3 Qxa3 18. bxa3 Bc2 19. Bf3 Rac8 20. Nde4 Rxd1+ 21. Rxd1 Bxd1 22. Nxd1 Nxe4 23. Bxe4 Rc1 24. Bf3 e4 25. Be2 Nc4 26. Kf1 Nb2 27. Ke1 Bc3+ 0-1

[Event "Scarborough CC-ch"]
[Site "Toronto"]
[Date "2018.04.12"]
[Round "2"]
[White "Zheng, Kevin"]
[Black "Lei, Sean"]
[Result "1/2-1/2"]
[WhiteElo "1608"]
[BlackElo "1884"]
[PlyCount "68"]
[EventDate "2018.04.05"]
[EventType "swiss"]
[EventRounds "8"]
[EventCountry "CAN"]
[SourceTitle "EXT 2024"]
[Source "ChessBase"]
[SourceDate "2023.10.10"]
[SourceVersion "1"]
[SourceVersionDate "2023.10.10"]
[SourceQuality "1"]

1. d4 Nf6 2. c4 c5 3. d5 b5 4. cxb5 a6 5. b6 d6 6. Nc3 Nbd7 7. e4 g6 8. Nf3 Bg7 9. Nd2 0-0 10. Be2 Nxb6 11. a4 Ne8 12. 0-0 Nc7 13. Re1 Rb8 14. h3 Qe8 15. Nc4 Nxc4 16. Bxc4 Rb4 17. Qd3 Bd7 18. b3 Qb8 19. Rb1 Rb6 20. Bg5 Re8 21. Ne2 e6 22. Ng3 exd5 23. exd5 Be5 24. Kf1 Qc8 25. h4 f6 26. Bh6 Rb8 27. Qe3 Bf5 28. Rbd1 Bg4 29. Rd3 Bd4 30. Qd2 Rxe1+ 31. Qxe1 Qd7 32. Ne4 Qe7 33. f3 Bf5 34. Bf4 Rd8 1/2-1/2

[Event "Scarborough CC Falling Leaves"]
[Site "Toronto"]
[Date "2017.12.14"]
[Round "7.4"]
[White "Zheng, Kevin"]
[Black "Sharpe, Sam"]
[Result "1-0"]
[WhiteElo "1980"]
[BlackElo "1921"]
[PlyCount "87"]
[EventDate "2017.11.02"]
[EventType "swiss"]
[EventRounds "7"]
[EventCountry "CAN"]
[SourceTitle "EXT 2022"]
[Source "ChessBase"]
[SourceDate "2021.10.06"]
[SourceVersion "1"]
[SourceVersionDate "2021.10.06"]
[SourceQuality "1"]

1. d4 d5 2. c4 c6 3. e3 Nf6 4. Nf3 e6 5. Nbd2 Bd6 6. b3 Nbd7 7. Bb2 0-0 8. Bd3 Re8 9. Ne5 Qc7 10. f4 b6 11. 0-0 Bb7 12. Rc1 Rac8 13. Qf3 c5 14. Qh3 Ne4 15. Ndf3 f6 16. Ng4 f5 17. Nge5 Ndf6 18. cxd5 Bxd5 19. Bxe4 Nxe4 20. g4 Rf8 21. Rc2 Qb7 22. Nh4 cxd4 23. Rxc8 Rxc8 24. Bxd4 Rc2 25. gxf5 Nd2 26. Rd1 Bxe5 27. Bxe5 exf5 28. Qxf5 Qc6 29. Qg5 Qg6 30. Qxg6 hxg6 31. Bc3 Nf3+ 32. Nxf3 Bxf3 33. Rd8+ Kf7 34. Be5 Rxa2 35. Rd7+ Ke6 36. Rxg7 Kf5 37. Bd4 Bh5 38. Rf7+ Ke4 39. h3 b5 40. Rf6 a5 41. Kf1 a4 42. b4 Rc2 43. Rb6 Kf3 44. Ke1 1-0

[Event "Scarborough CC Falling Leaves"]
[Site "Toronto"]
[Date "2017.11.30"]
[Round "5.3"]
[White "Lei, Sean"]
[Black "Zheng, Kevin"]
[Result "1-0"]
[WhiteElo "2111"]
[BlackElo "1980"]
[PlyCount "80"]
[EventDate "2017.11.02"]
[EventType "swiss"]
[EventRounds "7"]
[EventCountry "CAN"]
[SourceTitle "EXT 2022"]
[Source "ChessBase"]
[SourceDate "2021.10.06"]
[SourceVersion "1"]
[SourceVersionDate "2021.10.06"]
[SourceQuality "1"]

1. e4 c5 2. Nf3 Nc6 3. c3 Nf6 4. e5 Nd5 5. d4 cxd4 6. Bc4 Nb6 7. Bb3 d6 8. exd6 Qxd6 9. cxd4 g6 10. Nc3 Bg7 11. 0-0 0-0 12. Nb5 Qd8 13. d5 Nb4 14. d6 Bf5 15. Bg5 Bf6 16. Bh6 Bxb2 17. Bxf8 Qxf8 18. Qe2 Bxa1 19. dxe7 Qb8 20. Rxa1 Bd3 21. Qd2 a5 22. a3 Bxb5 23. axb4 a4 24. Ba2 Bc4 25. Qh6 f6 26. Bxc4+ Nxc4 27. Qh4 Ne5 28. Qxf6 Nxf3+ 29. gxf3 Ra6 30. Rd1 Qe8 31. Qe5 Kf7 32. Re1 b5 33. Qd5+ Kg7 34. Re4 a3 35. Qd8 Ra8 36. Qxa8 Qxa8 37. e8Q Qxe8 38. Rxe8 Kf6 39. Ra8 Ke5 40. Rxa3 Kd4 1-0

[Event "Scarborough CC Howard Ridout"]
[Site "Toronto"]
[Date "2017.10.26"]
[Round "7.4"]
[White "Zheng, Kevin"]
[Black "Palacios, Bobby"]
[Result "1-0"]
[WhiteElo "1884"]
[BlackElo "2023"]
[PlyCount "87"]
[EventDate "2017.09.14"]
[EventType "swiss"]
[EventRounds "7"]
[EventCountry "CAN"]
[SourceTitle "EXT 2022"]
[Source "ChessBase"]
[SourceDate "2021.10.06"]
[SourceVersion "1"]
[SourceVersionDate "2021.10.06"]
[SourceQuality "1"]

1. d4 Nf6 2. c4 g6 3. Nc3 Bg7 4. Nf3 0-0 5. Bf4 d5 6. e3 c5 7. dxc5 Qa5 8. Nd2 dxc4 9. Bxc4 Qxc5 10. Rc1 Nc6 11. Nb5 Qh5 12. 0-0 Qxd1 13. Rfxd1 e5 14. Bg5 Na5 15. Bxf6 Bxf6 16. Ne4 Be7 17. Bd5 Nc6 18. Bxc6 bxc6 19. Rxc6 Rd8 20. Rxd8+ Bxd8 21. Nc5 Bb6 22. a3 Rb8 23. b4 Kg7 24. h3 Bb7 25. Nxb7 Rxb7 26. a4 Rd7 27. Nd6 Bd8 28. b5 Be7 29. Nc4 f6 30. a5 Kh6 31. b6 axb6 32. axb6 Rd1+ 33. Kh2 Rb1 34. Rc7 Bd8 35. Rd7 Bxb6 36. Rb7 Rf1 37. Rxb6 Rxf2 38. Kg3 Rc2 39. Nd6 Kh5 40. Rb7 h6 41. Ne4 Rc6 42. Rf7 g5 43. Rxf6 Rc4 44. Kf3 1-0

[Event "Scarborough CC Howard Ridout"]
[Site "Toronto"]
[Date "2017.09.28"]
[Round "3.10"]
[White "Orozco, Joey"]
[Black "Zheng, Kevin"]
[Result "0-1"]
[WhiteElo "1860"]
[BlackElo "1884"]
[PlyCount "44"]
[EventDate "2017.09.14"]
[EventType "swiss"]
[EventRounds "7"]
[EventCountry "CAN"]
[SourceTitle "EXT 2022"]
[Source "ChessBase"]
[SourceDate "2021.10.06"]
[SourceVersion "1"]
[SourceVersionDate "2021.10.06"]
[SourceQuality "1"]

1. e4 c5 2. Nf3 Nc6 3. d4 cxd4 4. Nxd4 g6 5. Nc3 Bg7 6. Be3 Nf6 7. f3 0-0 8. Qd2 d5 9. Nxc6 bxc6 10. e5 Nd7 11. f4 Nb6 12. 0-0-0 a5 13. Be2 Ba6 14. g4 Bxe2 15. Qxe2 a4 16. h4 Nc4 17. Bc5 Qa5 18. Bxe7 Rfe8 19. Nxd5 cxd5 20. b4 axb3 21. cxb3 Qc3+ 22. Kb1 Rxe7 0-1

[Event "CAN-ch U20"]
[Site "Mississauga"]
[Date "2017.08.11"]
[Round "5"]
[White "Xu, Daniel"]
[Black "Zheng, Kevin"]
[Result "1/2-1/2"]
[WhiteElo "1621"]
[BlackElo "1580"]
[PlyCount "79"]
[EventDate "2017.08.09"]
[EventType "swiss"]
[EventRounds "9"]
[EventCountry "CAN"]
[SourceTitle "CBM 180 Extra"]
[Source "ChessBase"]
[SourceDate "2017.10.06"]
[SourceVersion "1"]
[SourceVersionDate "2017.10.06"]
[SourceQuality "1"]

1. d4 Nf6 2. Nf3 g6 3. b3 Bg7 4. Bb2 0-0 5. g3 d5 6. Bg2 c5 7. e3 Nc6 8. 0-0 cxd4 9. Nxd4 Re8 10. Nxc6 bxc6 11. c4 Ba6 12. Re1 Rc8 13. cxd5 cxd5 14. Nd2 e6 15. Rc1 Qa5 16. Rxc8 Rxc8 17. a3 Nd7 18. Bxg7 Kxg7 19. Qa1+ Kg8 20. b4 Qa4 21. Rc1 Rc2 22. Nf3 Qc6 23. Rxc2 Qxc2 24. Nd4 Qa4 25. Bf3 Bc4 26. Bd1 Qa6 27. a4 Qb7 28. Qc3 e5 29. Nf3 f6 30. Nd2 Qc8 31. Nxc4 Qxc4 32. Qb2 Kg7 33. Be2 Qe4 34. Bb5 Nb6 35. a5 Nc4 36. Qc3 Qb1+ 37. Kg2 Qe4+ 38. Kg1 Qb1+ 39. Kg2 Qe4+ 40. Kg1 1/2-1/2

[Event "Toronto CMA Futurity"]
[Site "Toronto"]
[Date "2017.04.15"]
[Round "3"]
[White "Zheng, Kevin"]
[Black "Cheryachukin, Yury"]
[Result "0-1"]
[WhiteElo "1732"]
[BlackElo "1781"]
[PlyCount "100"]
[EventDate "2017.03.14"]
[EventType "swiss"]
[EventRounds "5"]
[EventCountry "CAN"]
[SourceTitle "EXT 2022"]
[Source "ChessBase"]
[SourceDate "2021.10.06"]
[SourceVersion "1"]
[SourceVersionDate "2021.10.06"]
[SourceQuality "1"]

1. d4 d5 2. c4 e6 3. Nc3 c6 4. Nf3 dxc4 5. e4 b5 6. a3 Bb7 7. b3 cxb3 8. Qxb3 Nd7 9. Bf4 Ngf6 10. Bd3 Be7 11. 0-0 0-0 12. Rfd1 a6 13. Rac1 c5 14. dxc5 Nxc5 15. Qb1 Nxd3 16. Rxd3 Qa5 17. e5 Nd5 18. Nxd5 Bxd5 19. Bd2 Qb6 20. Re1 h6 21. Qc1 Rac8 22. Qb2 Rfd8 23. Be3 Bc5 24. Bxc5 Qxc5 25. Red1 Qc2 26. Qb4 Qc7 27. Qd2 Qb6 28. Ne1 Kh7 29. Qf4 Rf8 30. h3 Rc4 31. Qd2 Qc7 32. Qb2 Rc8 33. Qe2 Re4 34. Re3 Qxe5 35. Qd3 f5 36. Nc2 Rxe3 37. Nxe3 Rc3 38. Qb1 Rxa3 39. g4 Qe4 40. Qxe4 Bxe4 41. Rc1 f4 42. Nf1 Rxh3 43. Nh2 Rb3 44. Ra1 a5 45. Nf1 Rb1 46. Rxa5 Bd3 47. Kg2 Rxf1 48. Kf3 Bc4 49. Kxf4 Rxf2+ 50. Ke5 Ra2 0-1